Regiony Włoch - MAPA - Statystyki

Ogólne statystyki
  • Ten quiz został rozwiązany 2 240 razy
  • Średni wynik to 11 z 20
Odpowiedzi na mapie
Odpowiedzi zakodowano w zielono-czerwonej skali na mapie do tego quizu, zgodnie z poniższymi procentami.
 
Statystyki odpowiedzi
Region % Poprawnych
Sicilia
95%
Sardegna
92%
Toscana
79%
Lombardia
74%
Lazio
71%
Piemonte
70%
Campania
57%
Calabria
55%
Emilia-Romania
54%
Liguria
54%
Puglia
53%
Umbria
50%
Veneto
48%
Valle d’Aosta/Vallée d’Aoste
45%
Abruzzo
44%
Marche
43%
Basilicata
39%
Molise
34%
Trentino-Alto Adige/Südtirol
33%
Friuli-Venezia Giulia
31%
Nie znaleziono quizów pasujących do podanych kryteriów
Rozkład punktacji
Procent ludzi z każdym wynikiem
Percentyl według liczby udzielonych odpowiedzi
Twoja historia wyników
Nie rozwiązałeś tego quizu